Validálási eljárás a felsőoktatásban
Az elmúlt években szerte a világban egyre nagyobb figyelmet kapott a formális iskolai képzésen kívül megszerzett tudások (a szakmai zsargonban a nem formális és informális tanulási környezetben szerzett ismeretek és kompetenciák) elismerése. Magyarországon is megjelent már, a felnőttképzésben csakúg...
Elmentve itt :
| Dokumentumtípus: | Cikk |
|---|---|
| Megjelent: |
2010
|
| Sorozat: | Iskolakultúra
20 No. 5-6 |
| Online Access: | http://misc.bibl.u-szeged.hu/42257 |
| LEADER | 01154nab a2200169 i 4500 | ||
|---|---|---|---|
| 001 | misc42257 | ||
| 005 | 20191106140558.0 | ||
| 008 | 180706s2010 hu o 0|| zxx d | ||
| 022 | |a 1215-5233 | ||
| 040 | |a SZTE Miscellanea Repozitórium |b hun | ||
| 041 | |a zxx | ||
| 245 | 0 | 0 | |a Validálási eljárás a felsőoktatásban |h [elektronikus dokumentum] |
| 260 | |c 2010 | ||
| 300 | |a 231-233 | ||
| 490 | 0 | |a Iskolakultúra |v 20 No. 5-6 | |
| 520 | 3 | |a Az elmúlt években szerte a világban egyre nagyobb figyelmet kapott a formális iskolai képzésen kívül megszerzett tudások (a szakmai zsargonban a nem formális és informális tanulási környezetben szerzett ismeretek és kompetenciák) elismerése. Magyarországon is megjelent már, a felnőttképzésben csakúgy, mint a felsőoktatás különböző területein, egyedi eljárások keretében. Több európai országban is régóta működnek olyan szabályozott megoldások, intézményesült eljárások, amelyek a hozott tudások beszámítását szervezett és átlátható keretek között szolgálják. | |
| 856 | 4 | 0 | |u http://misc.bibl.u-szeged.hu/42257/1/2_EPA00011_iskolakultura_2010-05-06.pdf |z Dokumentum-elérés |